Horizont a Devín banka majú veľa spoločné Juraj Vechter

Bibliographic Details
Main Author: Vechter, Juraj (Author)
Format: Article
Language:Slovak
ISSN:1335-4701
Subjects:

MARC

LEADER 00000nab a2200000 a 4500
001 vtls000785051
003 SK-MaSNL
005 20260302155008.0
008 140301c2002 xo 0 slo
015 |a SNBRB2002/02-07080 
035 |a CLN000136722 
040 |a SNKBUCL  |b slo  |c SNKBUCL  |e AACR2 
041 0 |a slo 
044 |a xo  |c SK 
080 |a 336.714(437.6):343.537  |2 1997 
080 |a 336.712(437.6):343.535  |2 1997 
080 |a 343.537  |2 1997 
100 1 |a Vechter, Juraj  |4 aut  |9 701576 
245 1 0 |a Horizont a Devín banka majú veľa spoločné  |b Juraj Vechter 
610 2 7 |a Horizont Slovakia  |2 snkbucl  |9 29083 
610 2 7 |a Devín banka (Slovensko)  |2 snkbucl  |9 33751 
655 7 |a články z novín a časopisov  |2 snkbucl  |9 267496 
773 0 |t Hospodárske noviny  |g Roč. 10, č. 31 (13.2.2002), s. 5  |x 1335-4701 
850 |a Slovenská národná knižnica v Martine 
852 |a SNK  |b KIS3GCP 
992 |a RBX 
999 |c 1370021  |d 1371951